| 000 | 00486cam a2200181ua 4500 | ||
|---|---|---|---|
| 020 |
_a0 87692 045 8 _c35.00 |
||
| 041 |
_aeng _h |
||
| 082 |
_a631.58 _bMIS/IR |
||
| 100 | _aMisra, M S . | ||
| 245 |
_aIrrigation engineering principles and practices / _cM S Misra. _hTextual Documents |
||
| 250 |
_a1 / _b. |
||
| 260 |
_aNew Delhi : _bPrentice Hall of India Pvt Ltd. , _c1981. |
||
| 300 | _a308 ; . | ||
| 365 | _a35.00 | ||
| 504 | _a | ||
| 942 | _cBK | ||
| 999 |
_c7283 _d7283 |
||